000 00332nam a2200133Ia 4500
008 190216s9999||||xx |||||||||||||| ||und||
100 _aGovind Prakash Sawara
245 0 _a"Cytogenetics, Plant Breeding And Evolution"
250 _a1st Ed.
260 _bJaiprakashnath&Co:
_c1974
300 _a350
650 _aBotany
942 _cBK
999 _c1281
_d1281